[Event "Challenge"]
[Site "http://www.queenalice.com/game.php?id=323663"]
[Date "2007.12.21"]
[Round "-"]
[White "shady66"]
[Black "AndreBrasil"]
[Result "1-0"]
[WhiteElo "1508"]
[BlackElo "1221"]

1. e4 e5 2. d4 exd4 3. Qxd4 Nc6 4. Qd5 Nf6 5. Bg5 h6 6. Bxf6 Qxf6 7. Nh3 Qxb2 8.
Bc4 Qc3+ 9. Kd1 Kd8 10. Nxc3 d6 11. Qxf7 Ne5 12. Qd5 c6 13. Qd4 Ng4 14. Ke2 c5
15. Qd5 g5 16. g3 Ne5 17. Bb5 Bd7 18. Qxb7 Bxb5+ 19. Nxb5 Rc8 20. Nxa7 Rc7 21.
Qb8+ Kd7 22. Nb5 1-0

[Event "Let's Play Chess!"]
[Site "http://www.queenalice.com/game.php?id=323923"]
[Date "2007.12.21"]
[Round "-"]
[White "AndreBrasil"]
[Black "trallala"]
[Result "1-0"]
[WhiteElo "1100"]
[BlackElo "1857"]

1. e4 e5 2. Nf3 Nc6 3. Bb5 Nf6 4. d3 Nd4 5. Nc3 Nxb5 6. Nxb5 c6 7. Nc3 d6 8. Bg5
Be7 9. O-O O-O 10. h3 Ne8 11. Bxe7 Qxe7 12. b3 f5 13. d4 fxe4 14. Nxe4 d5 15.
Nc3 e4 16. Ne5 Qg5 17. g4 Qh4 18. Kg2 Nc7 19. f4 Ne6 20. Qe1 Qxe1 21. Raxe1 Nxd4
22. f5 Nxc2 23. Re2 Nd4 24. Ref2 Rf6 25. Kg3 b6 26. Nxc6 1-0

[Event "AndreBrasil"]
[Site "http://www.queenalice.com/game.php?id=323942"]
[Date "2007.12.21"]
[Round "-"]
[White "foda"]
[Black "AndreBrasil"]
[Result "0-1"]
[WhiteElo "1332"]
[BlackElo "1100"]

1. e4 e5 2. Bc4 Nf6 3. d3 c6 4. Bg5 Bc5 5. Qf3 d6 6. Nh3 Bxh3 7. gxh3 O-O 8. a3
d5 9. exd5 cxd5 10. Bxd5 Qxd5 11. Qe2 Qxh1+ 12. Qf1 Qxh2 0-1

[Event "Challenge"]
[Site "http://www.queenalice.com/game.php?id=324942"]
[Date "2007.12.23"]
[Round "-"]
[White "quifaiquoi"]
[Black "AndreBrasil"]
[Result "1-0"]
[WhiteElo "1710"]
[BlackElo "1258"]

1. d4 d5 2. Nf3 Nc6 3. g3 Nf6 4. Bg2 Bf5 5. O-O e6 6. a3 h6 7. Nbd2 Qd6 8. b4
O-O-O 9. c4 dxc4 10. Nxc4 Qd7 11. Bb2 g5 12. Nce5 Nxe5 13. Nxe5 Qe8 14. Rc1 c6
15. d5 Bg7 16. Qa4 Nxd5 17. Qxa7 1-0

[Event "Challenge"]
[Site "http://www.queenalice.com/game.php?id=325864"]
[Date "2007.12.26"]
[Round "-"]
[White "samuelrodrigues"]
[Black "AndreBrasil"]
[Result "1-0"]
[WhiteElo "1039"]
[BlackElo "1068"]

1. c4 e5 2. Nf3 Nc6 3. h4 Bc5 4. Nc3 Nf6 5. a3 Ng4 6. d3 Nxf2 7. Qd2 Nxh1 8. b4
Bf2+ 9. Kd1 Qxh4 10. Nxh4 Bxh4 11. e3 Nf2+ 12. Ke1 1-0

[Event "AUTO-BEG-168"]
[Site "http://www.queenalice.com/game.php?id=326071"]
[Date "2007.12.26"]
[Round "1"]
[White "gianfelippe"]
[Black "AndreBrasil"]
[Result "1-0"]
[WhiteElo "1427"]
[BlackElo "1140"]

1. e4 e5 2. Nc3 Nf6 3. Nf3 Nc6 4. Bb5 Bb4 5. O-O Bxc3 6. Bxc6 Bxd2 7. Bxd7+ Bxd7
8. Bxd2 Nxe4 9. Nxe5 Nxd2 10. Qxd2 Qe7 11. Nxd7 Qxd7 12. Qxd7+ 1-0

[Event "AUTO-BEG-168"]
[Site "http://www.queenalice.com/game.php?id=326072"]
[Date "2007.12.26"]
[Round "1"]
[White "AndreBrasil"]
[Black "gianfelippe"]
[Result "0-1"]
[WhiteElo "1130"]
[BlackElo "1432"]

1. e4 e5 2. Nf3 Nf6 3. Nc3 Nc6 4. Bb5 Bb4 5. Bxc6 Bxc3 6. dxc3 bxc6 7. Nxe5 Nxe4
8. Qf3 Ng5 9. Bxg5 Qxg5 10. Qxf7+ Kd8 11. Nf3 Qxg2 12. O-O-O Qxf2 0-1

[Event "AUTO-BEG-169"]
[Site "http://www.queenalice.com/game.php?id=328119"]
[Date "2007.12.30"]
[Round "1"]
[White "AndreBrasil"]
[Black "EduardoAlmeida"]
[Result "0-1"]
[WhiteElo "1039"]
[BlackElo "1108"]

1. e4 e5 2. Nf3 d6 3. Nc3 Nf6 4. Bc4 Be7 5. b3 O-O 6. h3 Na6 7. d3 Nc5 8. Ng5 a5
9. Bxf7+ Rxf7 10. Nxf7 Qf8 0-1

[Event "AUTO-BEG-169"]
[Site "http://www.queenalice.com/game.php?id=328126"]
[Date "2007.12.30"]
[Round "1"]
[White "AndreBrasil"]
[Black "patoche"]
[Result "0-1"]
[WhiteElo "1087"]
[BlackElo "1824"]

1. e4 Nc6 2. Nf3 Nf6 3. Nc3 d5 4. e5 Nd7 5. Nxd5 Ndxe5 6. c4 Bg4 7. d4 Ng6 8. h3
Bxf3 9. Qxf3 Nxd4 10. Qc3 e5 11. Be3 c6 12. Bxd4 exd4 13. Qxd4 Bb4+ 14. Ke2 cxd5
15. cxd5 Qe7+ 16. Kd3 O-O 0-1

[Event "AUTO-BEG-169"]
[Site "http://www.queenalice.com/game.php?id=328127"]
[Date "2007.12.30"]
[Round "1"]
[White "patoche"]
[Black "AndreBrasil"]
[Result "1-0"]
[WhiteElo "1820"]
[BlackElo "1087"]

1. e4 c5 2. g3 e5 3. Bg2 d6 4. Ne2 Nf6 5. c3 Nc6 6. O-O Be7 7. h3 O-O 8. d4 cxd4
9. cxd4 exd4 10. Nxd4 Nxd4 11. Qxd4 a5 12. Nc3 Ra6 13. Be3 Nd7 14. Nd5 b6 15.
Rfd1 Nf6 16. Nxe7+ Qxe7 17. Qxd6 1-0

[Event "AUTO-BEG-170"]
[Site "http://www.queenalice.com/game.php?id=329632"]
[Date "2008.1.2"]
[Round "1"]
[White "AndreBrasil"]
[Black "patoche"]
[Result "0-1"]
[WhiteElo "1087"]
[BlackElo "1822"]

1. e4 Nc6 2. d4 d5 3. f3 dxe4 4. d5 Ne5 5. fxe4 e6 6. Bf4 Ng6 7. g3 Nxf4 8. gxf4
Qh4+ 9. Ke2 Qxf4 10. Bg2 Nf6 11. dxe6 Bxe6 12. Nc3 Bc4+ 13. Ke1 Qh4+ 14. Kd2
O-O-O+ 0-1

[Event "AUTO-BEG-170"]
[Site "http://www.queenalice.com/game.php?id=329633"]
[Date "2008.1.2"]
[Round "1"]
[White "patoche"]
[Black "AndreBrasil"]
[Result "1-0"]
[WhiteElo "1826"]
[BlackElo "1087"]

1. e4 e5 2. Bc4 Bc5 3. Nc3 Qf6 4. Nf3 Nh6 5. d3 Bb4 6. O-O Bxc3 7. bxc3 O-O 8.
d4 d6 9. Bg5 Qg6 10. Qd2 Bg4 11. Nh4 Qxe4 12. Rae1 Qxe1 13. Rxe1 1-0